00000000nas 2200000zi 4500
0019.504899
003CaOODSP
00520251210141759
006m     o  d f      
007cr cn ||||||||
008150406d19942005oncfr p o    f0   a0eng|d
022 |a1495-1991|y1198-3558
040 |aCaOODSP|beng|erda|cCaOODSP
043 |an-cn---
0861 |aC12-16E-PDF
1300 |aMicro (Ottawa, Ont.). |lEnglish.
2100 |aMicro |b(Ott., Online)
222 0|aMicro |b(Ottawa. Online)
24510|aMicro : |bthe micro-economic research bulletin.
24630|aMicro-economic research bulletin
264 1|aOttawa, Ontario : |bIndustry Canada = Industrie Canada, |c[1994-2005]
310 |aSemiannual
336 |atext|btxt|2rdacontent
337 |acomputer|bc|2rdamedia
338 |aonline resource|bcr|2rdacarrier
3621 |aBegan with: Vol. 1, no. 1 (winter 1994); ceased with: Vol. 10, issue 1 (winter/spring 2005).
500 |aDigitized publication from print (issues for 1994-1997) [produced by Innovation, Science and Economic Development Canada].
500 |aIssued also in French under title: Micro.
500 |aSubtitle varies.
5203 |aMicro is a newsletter highlighting micro-economic research findings in Canada. Each Micro issue will focus on a specific area of research and list publications by the Micro-Economic Policy Analysis Branch of Industry Canada.
588 |aDescription based on: Vol. 1, no. 1 (winter 1994); title from PDF caption.
588 |aLatest issue consulted: Vol. 10, issue 1 (winter/spring 2005).
61010|aCanada.|bIndustry Canada|vPeriodicals.
650 0|aMicroeconomics|vPeriodicals.
650 0|aInternational economic relations|vPeriodicals.
650 0|aTechnology and state|zCanada|vPeriodicals.
650 0|aScience and state|zCanada|vPeriodicals.
655 7|aPeriodicals|2lcgft
7101 |aCanada. |bIndustry Canada. |bMicro-Economic Policy Analysis Branch, |eissuing body.
77508|tMicro : |w(CaOODSP)9.501298
7760#|tMicro : |w(CaOODSP)9.508050